| 000 | 00408nam a2200169Ia 4500 | ||
|---|---|---|---|
| 005 | 20250529024819.0 | ||
| 008 | 240331s9999 xx 000 0 und d | ||
| 020 | _a9555733473 | ||
| 082 |
_bJAY _a307 |
||
| 100 | _aJayathilake,B.M | ||
| 245 | 0 | _aLingikathvaya ha adyathmaya | |
| 260 |
_aColombo _bUniversity Press _c2006 |
||
| 300 | _a340 p., | ||
| 650 | _asexuality | ||
| 650 | _aSpirituality | ||
| 942 | _cL | ||
| 999 |
_c2076 _d2076 |
||